Top 100 appearing EastEnders characters - Statistics

General Stats
  • This quiz has been taken 349 times
  • The average score is 62 of 102
Answer Stats
First appearance Last appearance Answer % Correct
1990 * Phil Mitchell
98%
1985 * Ian Beale
96%
1990 2016 Grant Mitchell
94%
1985 * Kathy Beale
92%
1991 2016 Peggy Mitchell
92%
2000 2020 Rebecca Fowler
92%
1985 2020 Dot Branning
91%
2006 2021 Max Branning
88%
1985 * Sharon Watts
88%
1998 * Billy Mitchell
87%
2000 * Kat Slater
87%
1993 * Peter Beale
87%
2007 2023 Roxy Mitchell
87%
2004 * Stacey Slater
87%
1985 * Martin Fowler
86%
2007 2017 Ronnie Mitchell
85%
1996 2024 Ben Mitchell
84%
2007 * Jack Branning
84%
1993 2014 Lucy Beale
83%
1988 * Cindy Beale
82%
1985 2006 Pauline Fowler
82%
2013 * Linda Carter
81%
2005 * Honey Mitchell
80%
2006 * Lauren Branning
80%
2013 2022 Mick Carter
80%
1986 2016 Pat Evans
79%
2008 2024 Whitney Dean
79%
2004 * Jane Beale
78%
1993 2024 Bianca Jackson
76%
1989 2022 Janine Butcher
76%
2004 * Jean Slater
76%
1990 2024 Sam Mitchell
76%
2006 2022 Shirley Carter
75%
1993 * Sonia Jackson
75%
1985 1996 Arthur Fowler Sr
74%
2003 * Bobby Beale
74%
1985 2003 Mark Fowler Sr
74%
2006 2018 Abi Branning Sr
73%
2002 * Alfie Moon
73%
2000 2006 Little Mo Slater
73%
1988 2023 Ricky Butcher
73%
1985 2005 Den Watts
72%
1985 2016 Michelle Fowler
72%
2006 * Denise Fox
70%
2001 * Patrick Trueman
70%
1987 2005 Frank Butcher
69%
1996 2011 Jim Branning
69%
2001 2020 Louise Mitchell
69%
2000 2016 Charlie Slater
67%
1995 1999 Tiffany Mitchell
67%
2009 * Kim Fox
66%
1989 2017 Steven Beale
66%
2008 * Amy Mitchell
65%
2000 2005 Zoe Slater
65%
1993 2015 Carol Jackson
64%
2006 2010 Bradley Branning
62%
1998 2002 Jamie Mitchell
62%
2008 2022 Tiffany Butcher
60%
2014 2022 Nancy Carter
59%
1998 2023 Lisa Fowler
58%
1994 2004 Barry Evans
56%
2000 2004 Laura Beale
56%
1994 2003 Roy Evans
56%
2013 2021 Tina Carter
56%
2010 * Lily Slater
55%
1986 2004 Vicki Fowler
55%
2006 * Chelsea Fox
54%
1993 2014 David Wicks
53%
2003 * Yolande Trueman
53%
2006 * Jay Brown
52%
1998 2021 Liam Butcher
50%
2000 2004 Lynne Slater
50%
1985 2012 Simon Wicks
49%
2007 2016 Tamwar Masood
47%
2007 2013 Zainab Masood
47%
2006 2024 Dean Wicks
45%
1993 2019 Robbie Jackson
45%
2006 2018 Tanya Cross
45%
2017 2024 Karen Taylor
43%
2017 2024 Keanu Taylor
41%
2020 * Suki Panesar
41%
2011 2024 Lola Pearce
40%
2000 * Mo Harris
39%
1992 1998 Nigel Bates
37%
2005 2021 Ruby Allen
37%
2017 * Bernadette Taylor
34%
2000 2009 Garry Hobbs
33%
1998 2019 Mel Owen
33%
2007 2016 Heather Trott
29%
2017 2022 Keegan Baker
26%
2007 2019 Masood Ahmed
25%
2018 2023 Mitch Baker
24%
2018 * Callum Highway
23%
2002 2010 Minty Peterson
23%
2004 2011 Darren Miller
21%
2014 2021 Kush Kazemi
21%
2010 2023 Arthur Chubb
18%
1998 2002 Beppe Di Marco
11%
1996 2002 Terry Raymond
11%
1993 1998 Sanjay Kapoor
10%
1994 2004 Natalie Price
4%
1994 1999 Ruth Aitken
2%
No matching quizzes found
Score Distribution
Percent of People with Each Score
Percentile by Number Answered
Your Score History
You have not taken this quiz